| 000 | 00616cam a22002174i 4500 | ||
|---|---|---|---|
| 003 | URS | ||
| 005 | 20240419213625.0 | ||
| 020 | _a9786210401028 | ||
| 040 |
_aDAIT _beng _erda _dURS _cURS |
||
| 050 | 1 | 4 |
_aFIL G 156.5.P6 _b.C899 2019 |
| 100 | 1 |
_aCruz, Reil G. _eauthor. |
|
| 245 | 1 | 0 |
_aSustainable tourism / _cby Reil G. Cruz, Ph.D. |
| 264 | 1 |
_aManila : _bRex Book Store, _c[2019]. |
|
| 264 | 4 | _ccopyright 2019 | |
| 300 |
_axi, 219 pages ; _c25 cm |
||
| 336 |
_atext _btxt _2rdacontent |
||
| 337 |
_aunmediated _bn _2rdamedia |
||
| 338 |
_avolume _bnc _2rdacarrier |
||
| 650 | 0 |
_aTourism _zPhilippines. |
|
| 942 |
_cBK _2lcc |
||
| 999 |
_c79185 _d79184 |
||